موسوعة أعلام الشعراء / (رقم التسجيلة. 42849)

تفاصيل مارك
000 -LEADER
fixed length control field 00538nam a22001817a 4500
005 - DATE AND TIME OF LATEST TRANSACTION
control field 20251108170531.0
008 - FIXED-LENGTH DATA ELEMENTS--GENERAL INFORMATION
fixed length control field 250721s2001 xx 000 0 ara d
082 14 - DEWEY DECIMAL CLASSIFICATION NUMBER
Classification number 928.11/خطا
100 1# - MAIN ENTRY--PERSONAL NAME
Personal name خطاب، هشام
245 10 - TITLE STATEMENT
Title موسوعة أعلام الشعراء /
264 1# - PRODUCTION, PUBLICATION, DISTRIBUTION, MANUFACTURE, AND COPYRIGHT NOTICE
Place of production, publication, distribution, manufacture عمان :
Name of producer, publisher, distributor, manufacturer دار عالم الثقافة للنشر و التوزيع،
Date of production, publication, distribution, manufacture, or copyright notice 2001.
300 ## - PHYSICAL DESCRIPTION
Extent 88ص
650 17 - SUBJECT ADDED ENTRY--TOPICAL TERM
Topical term or geographic name as entry element التراجم
650 17 - SUBJECT ADDED ENTRY--TOPICAL TERM
Topical term or geographic name as entry element الشعر العربي
650 17 - SUBJECT ADDED ENTRY--TOPICAL TERM
Topical term or geographic name as entry element الشعراء العرب
942 ## - ADDED ENTRY ELEMENTS (KOHA)
Source of classification or shelving scheme Dewey Decimal Classification
Koha item type كتب
المقتنيات
حالة السحب حالة الفقدان مصدر التصنيف حالة التلف غير قابل للإعارة المكتبة الرئيسية المكتبة الحالية موقع الرف تاريخ التزويد الرقم المتسلسل Total Checkouts رقم الإستدعاء تاريخ آخر ظهور تاريخ الفاتورة نوع المادة (كوها) الباركود
    Dewey Decimal Classification Unchecked   مكتبة أبو علندا العامة مكتبة أبو علندا العامة الإعارة 06/07/2004 396297   928.11/خطا 28/07/2025 06/07/2004 كتب  
    Dewey Decimal Classification Unchecked   مكتبة أم قصير والمقابلين العامة مكتبة أم قصير والمقابلين العامة الإعارة 06/07/2004 396296   928.11/خطا 28/07/2025 06/07/2004 كتب  
    Dewey Decimal Classification Unchecked   مكتبة الأميرة ايمان العامة مكتبة الأميرة ايمان العامة الإعارة 06/07/2004 396288   928.11/خطا 28/07/2025 06/07/2004 كتب  
    Dewey Decimal Classification Unchecked   مكتبة الاميرة بديعة مكتبة الاميرة بديعة الإعارة 06/07/2004 396291   928.11/خطا 28/07/2025 06/07/2004 كتب  
    Dewey Decimal Classification Unchecked   مكتبة الجويدة مكتبة الجويدة الإعارة 06/07/2004 396292   928.11/خطا 28/07/2025 06/07/2004 كتب  
    Dewey Decimal Classification     مكتبة الحسن العامة مكتبة الحسن العامة الإعارة 06/07/2004 396293   928.11/خطا 28/07/2025 06/07/2004 كتب 396293
    Dewey Decimal Classification     مكتبة حمزة العامة مكتبة حمزة العامة الإعارة 06/07/2004 396294   928.11/خطا 28/07/2025 06/07/2004 كتب 396294
    Dewey Decimal Classification Unchecked   مكتبة صويلح العامة مكتبة صويلح العامة الإعارة 06/07/2004 396289   928.11/خطا 28/07/2025 06/07/2004 كتب  
    Dewey Decimal Classification     مكتبة وادي السير العامة مكتبة وادي السير العامة الإعارة 06/07/2004 396298   928.11/خطا 28/07/2025 06/07/2004 كتب 396298
Implemented & Customized by: BBB with SCIT (Smart Chains for Information Technology)

Powered by Koha